000
00361nam a2200133Ia 4500
008
231129s1998||||xx |||||||||||||| ||spa||
020
_a
958-04-4438-2
040
_b
spa
082
_a
324.5 B214
245
0
_a
La banda presidencial: CampaƱa del 98
260
_c
1998
264
_a
Grupo Editorial Norma
942
_2
ddc
_c
BKS
999
_c
16458
_d
16458